Stolice państw Europy - Statystyki

Ogólne statystyki
  • Ten quiz został rozwiązany 53 razy
  • Średni wynik to 11 z 15
Statystyki odpowiedzi
Hint Odpowiedź % Poprawnych
Grecja Ateny
91%
Portugalia Lizbona
91%
Węgry Budapeszt
87%
Łotwa Ryga
82%
Bułgaria Sofia
82%
Liechtenstein Vaduz
76%
Serbia Belgrad
73%
Malta Valetta
73%
Słowenia Lublana
71%
Bośnia i Hercegowina Sarajewo
69%
Mołdawia Kiszyniów
64%
Kosowo Prisztina
64%
Cypr Nikozja
62%
Czarnogóra Podgorica
62%
Macedonia Płn. Skopje
62%
Nie znaleziono quizów pasujących do podanych kryteriów
Rozkład punktacji
Procent ludzi z każdym wynikiem
Percentyl według liczby udzielonych odpowiedzi
Twoja historia wyników
Nie rozwiązałeś tego quizu